The estate agents act 1979 : with annotations by C.M.Douglas and R.G.Lee

Bibliographic Details
Format: Book
Published: London : sweet maxwell , 1979
Series:Current law statutes reprints
Subjects:

MARC

LEADER 00000cam a2200000 7i4500
001 0000007769
005 20161121.0
020 |a 421265108 
040 |a INS 
090 0 0 |a KD2517.E7   |b A3 1979 
240 0 0 |a Estates agents ACT 1979 
245 1 4 |a The estate agents act 1979 :   |b with annotations by C.M.Douglas and R.G.Lee 
260 |a London :   |b sweet maxwell ,   |c 1979 
300 |a 36p ;   |c 25 cm. 
440 0 |a Current law statutes reprints 
650 0 0 |a Real estates business   |x Law and legislation   |z Great Britain 
999 |a 0000023099   |b BOOK   |c Open Shelf   |e Default branch